000 01297cam a2200133 4500500
005 20260329023208.0
041 _afre
042 _adc
100 1 0 _aMucchielli, Laurent
_eauthor
245 0 0 _aSociologie de la délinquance
260 _bArmand Colin,
_c2018.
520 _aRedonnant tout son sens au programme de recherche tracé par Edwin Sutherland dès les années 1920, ce livre explore les trois aspects fondamentaux de la délinquance. D’abord, la production des normes, qui ne cesse de redéfinir les contours d’une notion propre à une société donnée, à un moment donné de son histoire. Ensuite, les mécanismes de transgression, qui sont à la fois complexes et variés. Loin de se limiter aux phénomènes les plus visibles, tels que les délinquances juvéniles ou les violences physiques et sexuelles, la sociologie nous entraîne aussi dans les méandres de la délinquance des élites économiques et politiques, ainsi que dans les multiples formes de violence politiques et de crime organisé. Enfin, les réactions sociales qui vont de l’indifférence aux poursuites policières et judiciaires, au terme de profondes inégalités sociales.
856 4 1 _uhttps://shs.cairn.info/sociologie-de-la-delinquance--9782200621155?lang=fr&redirect-ssocas=7080
999 _c1925398
_d1925398